|
|
|
|
| LEADER |
01207nam a2200289 a 4500 |
| 001 |
13453555 |
| 008 |
120930s2004 njua b 001 0 eng d |
| 010 |
|
|
|a 2004100346
|
| 020 |
|
|
|a 9780691130613
|
| 020 |
|
|
|a 0691130612
|
| 020 |
|
|
|a 9780691119939
|
| 020 |
|
|
|a 0691119937
|
| 040 |
|
|
|a UKM
|c UKM
|d DAY
|d IG#
|d OCL
|d BAKER
|d DLC
|d BD-DhAAL
|
| 082 |
0 |
0 |
|a 519.3
|2 22
|
| 100 |
1 |
|
|a Von Neumann, John,
|d 1903-1957.
|
| 245 |
1 |
0 |
|a Theory of games and economic behavior /
|c John von Neumann and Oskar Morgenstern.With an introduction by Harold W. Kuhn and an afterword by Ariel Rubinstein.
|
| 250 |
|
|
|a 60th anniversary ed.
|
| 260 |
|
|
|a Princeton, N.J. ;
|a Woodstock :
|b Princeton University Press,
|c 2004.
|
| 300 |
|
|
|a xxxii, 739 p. :
|b ill. ;
|c 24 cm.
|
| 504 |
|
|
|a Includes bibliographical references and index.
|
| 541 |
|
|
|a 00026010
|
| 650 |
|
0 |
|a Game theory.
|
| 650 |
|
0 |
|a Economics, Mathematical.
|
| 700 |
1 |
|
|a Morgenstern, Oskar,
|d 1902-
|
| 852 |
1 |
|
|a Ayesha Abed Library
|j General shelf
|
| 999 |
|
|
|c 12861
|d 12861
|
| 952 |
|
|
|0 0
|1 0
|4 0
|6 519_300000000000000_VON
|7 0
|9 21169
|a BRACUL
|b BRACUL
|c GEN
|d 2012-09-30
|e Karim International
|g 4500.00
|l 5
|m 45
|o 519.3 VON
|p 3010026010
|q 2026-03-10
|r 2024-01-20
|s 2024-01-20
|t 1
|w 2012-09-30
|y BK
|